000 00338nam a2200145Ia 4500
005 20250405111142.0
008 240331s9999 xx 000 0 und d
082 _bSIV
_a894
100 _aSivam, K
245 0 _aVelloddam
260 _aJaffna
_bYal. Ilakkiya Vaddam
_c1986
300 _a72 p .,
500 _aTwo Short Novels
942 _cL
999 _c4216
_d4216